Female and male in Latin America : essays

Αποθηκεύτηκε σε:
Λεπτομέρειες βιβλιογραφικής εγγραφής
Άλλοι συγγραφείς: Pescatello, Ann (Επιμελητής έκδοσης)
Μορφή: Βιβλίο
Γλώσσα:English
Δημοσίευση: London : University of Pittsburgh Press, 1973
Σειρά:Pitt Latin American series
Θέματα:
Ετικέτες: Προσθήκη ετικέτας
Δεν υπάρχουν, Καταχωρήστε ετικέτα πρώτοι!

MARC

LEADER 00000nam a2200000 i 4500
001 1/87580
008 960529s1973 eng d
020 |a 0822953064 
035 |l 10006749 
040 |a GR-MY-UA  |b gre  |e aacr 
041 0 |a eng 
082 0 |a 305.3098 
245 1 0 |a Female and male in Latin America :  |b essays /  |c Editor Ann Pescatello 
260 |a London :   |b University of Pittsburgh Press,   |c 1973 
300 |a 342 p. 
490 1 |a Pitt Latin American 
650 0 0 |a Women  |z Latin America  |x Social conditions. 
650 0 0 |a Men  |z Latin America. 
700 1 |a Pescatello, Ann.  |4 edt 
830 0 |a Pitt Latin American series 
852 |a INST  |b LESVOS  |e 19960529  |h 305.3098 FEM  |p 005100010089  |q 005100010089  |t BK  |y 0 
909 |a Λ  |b 010158